00286nam a2200109Ia 4500008004100000041000800041082001600049100001900065245004500084260003600129365001100165240624s9999 xx 000 0 und d aeng a891.46 GOD  aGODBOLE ACHYUT aSOOKCHAMJEEV VIGYAN MANOVIKAS GENIUS MAR c2015aPunebManovikas Prakashan cRSb20